Vrány /
Komorní novela o tragickém osudu zvláštní dívky, pro niž její rodina nedokázala nalézt pochopení.
Uloženo v:
| Hlavní autor: | |
|---|---|
| Médium: | E-kniha |
| Jazyk: | Czech |
| Vydáno: |
Brno :
Host,
2020
|
| Vydání: | První vydání |
| Témata: | |
| Tagy: |
Žádné tagy |
| LEADER | 02493cam a2200373 i 4500 | ||
|---|---|---|---|
| 001 | 301532 | ||
| 003 | CZ PrSKC | ||
| 005 | 20260501063150.0 | ||
| 007 | ta | ||
| 008 | 200127s2020 xr a g 000 f cze d | ||
| 015 | |a cnb003173323 | ||
| 020 | |a 9788027501441 |q (vázáno) | ||
| 035 | |a (OCoLC)1200246252 | ||
| 040 | |a CBA001 |b cze |d ABG001 |e rda | ||
| 072 | 7 | |a 821.162.3-3 |x Česká próza |2 Konspekt | |
| 080 | |a 821.162.3-32 |2 MRF | ||
| 080 | |a (0:82-32) |2 MRF | ||
| 100 | 1 | |a Dvořáková, Petra, |d 1977- |7 xx0044613 |4 aut | |
| 245 | 1 | 0 | |a Vrány / |c Petra Dvořáková |
| 250 | |a První vydání | ||
| 264 | 1 | |a Brno : |b Host, |c 2020 | |
| 300 | |a 182 stran : |b barevné ilustrace ; |c 20 cm | ||
| 336 | |a text |b txt |2 rdacontent | ||
| 337 | |a bez média |b n |2 rdamedia | ||
| 338 | |a svazek |b nc |2 rdacarrier | ||
| 500 | |a Dotisk v roce 2020 | ||
| 520 | 2 | |a Komorní novela o tragickém osudu zvláštní dívky, pro niž její rodina nedokázala nalézt pochopení. |b Dvanáctiletá Bára se právě nachází na prahu dospívání. Projevuje se u ní výtvarné nadání, ale také živelná a občas nezvladatelná povaha. S nástupem puberty se konflikt mezi její spontánností a touhou matky po nekomplikovaném životě dramaticky prohlubuje. Zvlášť v kontrastu s její o něco starší, poddajnou sestrou. Čím více chce Bára svou přirozenost realizovat, tím úporněji se její okolí snaží tyto nesrozumitelné a průměru se vymykající potřeby ovládnout. Jejího talentu si všimne mladý učitel výtvarné výchovy přezdívaný Frodo, který jí nabídne citlivou oporu v boji s nároky rodiny, jež pod fasádou vnější spořádanosti ukrývá i velmi temná místa. Jenže Bára svoji válku v zákopech nerozumění stále prohrává. Jedinými spojenci se jí tak stávají vrány hnízdící před okny v parku. Svět, na který se Bára stále mocněji napojuje. Nakladatelská anotace. Kráceno. | |
| 655 | 7 | |a české novely |7 fd133969 |2 czenas | |
| 655 | 9 | |a Czech novellas |2 eczenas | |
| 900 | |a ABA001 |b 19 | ||
| 044 | |a xr | ||
| 910 | |a RBIT002 | ||
| 998 | |d 203257 |a https://core.palmknihy.cz/api/books/203257/cover?q439o7 |b https://core.palmknihy.cz/api/books/203257/cover/400?q439o7 |c https://core.palmknihy.cz/api/books/203257/cover/50?q439o7 |e 2026-12-31 |g 184 |i 9788027501441 |j https://core.palmknihy.cz/api/books/203257/preview.epub |k https://core.palmknihy.cz/api/books/203257/preview.pdf |l |q 49 |r 1 |s https://www.palmknihy.cz/kniha/203257 |t ebook |y 2020 |z 0 | ||
| 999 | |d 301530 | ||